| 000 | 00521nam a2200193Ia 4500 | ||
|---|---|---|---|
| 005 | 20250923144415.0 | ||
| 008 | 008 250917s9999 xx 000 0 eng d | ||
| 037 | _aTextual | ||
| 040 |
_aDSWL _beng _cDSWL |
||
| 041 |
_aeng _2eng |
||
| 084 |
_aY1:45:6, H1 _qDSWL |
||
| 100 |
_aWood, A.E _9824589 |
||
| 245 | 0 |
_aCrime and treatment _cby A.E Wood |
|
| 260 |
_aNew York _c1941 |
||
| 300 | _a742 p. | ||
| 700 |
_aJ.Barker Waite _9824590 |
||
| 942 |
_cTEXL _hY1:45:6, H1 |
||
| 999 |
_c1438477 _d1438477 |
||